Vliv spolupráce firem v klastrech

Charakteristika klastrov. Spolupráca malých, stredných a veľkých podnikov v klastroch. Dotazníkový výskum a jeho výsledky. Vplyv spolupráce firiem v klastroch na technické a netechnické inovácie. Spolupráca firiem a univerzít v klastri a jej vplyv na inovácie vo firmách.

Uložené v:
Podrobná bibliografia
Hlavný autor: Papalová, Marcela
Médium: Kapitola
Jazyk:Czech
Predmet:
Tagy: Pridať tag
Žiadne tagy, Buďte prvý, kto otaguje tento záznam!

MARC

LEADER 00000nla$a2200000$$$4500
001 0125005
005 20221107085040.7
041 0 |a cze 
044 |a CZ 
245 1 0 |a Vliv spolupráce firem v klastrech  |c Marcela Papalová 
520 |a Charakteristika klastrov. Spolupráca malých, stredných a veľkých podnikov v klastroch. Dotazníkový výskum a jeho výsledky. Vplyv spolupráce firiem v klastroch na technické a netechnické inovácie. Spolupráca firiem a univerzít v klastri a jej vplyv na inovácie vo firmách. 
610 2 0 |a klaster 
610 2 0 |a podnik malý 
610 2 0 |a podnik stredný 
610 2 0 |a podnik veľký 
610 2 0 |a kooperácia 
610 2 0 |a spolupráca podnikov 
610 2 0 |a inovácia 
610 2 0 |a univerzity 
610 2 0 |a Česko 
100 1 |a Papalová, Marcela